• 首页
  • 本馆介绍
  • 公告通知
  • 最新文献
  • 馆藏检索
  • 电子资源
  • 读者导购
  • 参考咨询
  • 我的图书馆
  • 登录
  • 详细信息显示
  • 放入我的书架
  • 预约/预借图书
  • 作者相关作品
  • 分类相关作品
  • 丛书相关作品
  • 出版社相关作品

书目信息

  • 表格格式
  • 工作单格式
  • 卡片格式
题名:
浙江风物拾趣
    
 
作者: 姚振发 编
分册:  
出版信息: 北京   新华出版社  1984.11
页数: 229页
开本: 20cm
丛书名:
单 册:
中图分类: K295.5
科图分类:
主题词: 中国--地方史 , 中国--地方志
电子资源:
ISBN:
000 00583nam0 2200217 45
001 0305191623
005 20031219104109.8
010    @dCNY1.00
091    @a4203.018
100    @a20030519d1984 km y0chiy0120 ea
101 0  @achi
105    @aa z 000yy
200 1  @a浙江风物拾趣@AZhe Jiang Feng Wu Shi Qu@f姚振发等编@FYao Zhen Fa DengBian
210    @a北京@c新华出版社@d1984.11
215    @a229页@c插图@d20cm
606 0  @a中国@x地方史
606 0  @a中国@x地方志
690    @aK295.5@v3
701  0 @a姚振发@4编
801    @aCN@bTSTC@c20030519
905    @b219384-386@dK295.5@e86@f3
    
    浙江风物拾趣/姚振发等编.-北京:新华出版社,1984.11
    229页:插图;20cm
    
    
    ISBN :CNY1.00
    
●
相关链接 在E读中查询图书 在五车中查询图书 在当当中查询图书 在豆瓣中查询图书


正题名:浙江风物拾趣     索取号:K295.5/86         预约/预借

序号 登录号 条形码 馆藏地/架位号 状态 备注
1 0219384   001812319   密集书库/ [索取号:K295.5/86] 在馆    
2 0219385   001812275   密集书库/ [索取号:K295.5/86] 在馆    
3 0219386   001812239   第二样本阅览室/ [索取号:K295.5/86] 在馆    
唐山师范学院图书馆 欢迎您!
大连网信软件有限公司© 版权所有